000 00612nam a22002417a 4500
001 22268
003 UA-OsUOA
005 20230115132753.0
007 ta
008 20031218b un ||||| |||| 00| 0 ukr d
020 _a5-7646-0013-8
040 _aUA-OsUOA
_brus
_cUA-OsUOA
_dUA-OsUOA
041 _arus
044 _aRU
080 _a101(075.8)
090 _a101(075.8)
_bФ56
245 _aФилософия ХХ века
_bучебное пособие
_cВ. И. Добрынина
260 _aМосква
_bЗнание
_c1997
300 _a288 с.
650 7 _2UDC
942 _cBK
_2udc
955 _a0
999 _c308484
_d308484